| 000 | 00502nam a2200169 i 4500 | ||
|---|---|---|---|
| 001 | 84046 | ||
| 003 | ES-MaACL | ||
| 005 | 20251003063111.0 | ||
| 007 | t| | ||
| 008 | 041119s1917 fr ||||1| fre d | ||
| 100 | 1 |
_aGuyot, Yves, _d1843-1928 _961276 |
|
| 245 | 1 | 3 |
_aLa question de l'alcool _b:allégations et réalités / _cIves-Guyot. |
| 260 |
_aParis : _bF. Alcan, _c1917 ( _eEvreux : _fCh. Herissey) |
||
| 300 |
_a288 p. ; _c19 cm. |
||
| 852 |
_aES-MaACL _jF-6704 |
||
| 999 |
_c84046 _d84046 |
||